| 000 | 02672cgm a2200613Ka 4500 | ||
|---|---|---|---|
| 001 | 39378 | ||
| 005 | 20230410123840.0 | ||
| 007 | vd cgaiz| | ||
| 008 | 010810s2000 cau121 vleng d | ||
| 035 | _a(OCoLC)ocm47755198 | ||
| 040 |
_aLVL _cLVL _dONU _dOCLCQ |
||
| 020 | _a1558908897 | ||
| 020 | _a9781558908895 | ||
| 024 | 1 | _a717951000736 | |
| 028 | 4 | 0 |
_a15279 _bTouchstone Home Video |
| 035 | _a(OCoLC)47755198 | ||
| 050 | 1 | 4 | _aCM DVD 00821 |
| 082 | 0 | 4 |
_a791.4372 _bG6462 |
| 049 | _aGRAL | ||
| 245 | 0 | 0 |
_aGood morning, Vietnam _h[videorecording] / _cTouchstone Pictures presents in association with Silver Screen Partners III ; a Rollins, Morra and Brezner production ; a Barry Levinson film ; written by Mitch Markowitz ; produced by Mark Johnson and Larry Brezner ; directed by Barry Levinson. |
| 250 | _aWidescreen ed. | ||
| 260 |
_aBurbank, Calif. : _bTouchstone Home Video : _bDistributed by Buena Vista Home Video, _c[2000] |
||
| 300 |
_a1 videodisc (121 min.) : _bsd., col. ; _c4 3/4 in. |
||
| 546 | _aClosed captioned for the hearing impaired. | ||
| 546 | _aIn English and French. | ||
| 500 | _aRated R. | ||
| 511 | 1 | _aRobin Williams (Adrian Cronauer), Forest Whitaker (Edward Garlick), Tung Thanh Tran (Tuan), Chintara Sukapatana (Trinh), Bruno Kirby (Lt. Steven Hauk). | |
| 508 | _aCo-produced by Ben Moses ; director of photography, Peter Sova ; original score by Alex North. | ||
| 500 | _aOriginally issued as a motion picture in 1987. | ||
| 500 | _aIncludes theatrical trailer and chapter search. | ||
| 518 | _aFilmed entirely in Thailand. | ||
| 538 | _aDVD. | ||
| 538 | _aDolby digital sound, digitally mastered, stereo, Dolby Digital 5.1 audio. | ||
| 520 | _aImported by the Army for an early morning radio show in Vietnam, disc jockey Adrian Cronauer blasts the formerly staid, sanitized airwaves with a constant barrage of rapid-fire humor and the hottest hits from back home. The G.I.'s love him, but the brass is up in arms. | ||
| 500 | _a"15279." | ||
| 600 | 1 | 0 |
_aCronauer, Adrian _vDrama. |
| 650 | 0 |
_aDisc jockeys _vDrama. |
|
| 650 | 0 |
_aVietnam War, 1961-1975 _vDrama. |
|
| 650 | 0 | _aComedy films. | |
| 650 | 0 | _aVideo recordings for the hearing impaired. | |
| 650 | 0 | _aFeature films. | |
| 655 | 7 |
_aWar films and programs. _2mim |
|
| 655 | 7 |
_aComedies. _2mim |
|
| 655 | 7 |
_aFeatures. _2mim |
|
| 700 | 1 |
_aWilliams, Robin, _d1952 July 21- |
|
| 700 | 1 | _aWhitaker, Forest. | |
| 700 | 1 | _aKirby, Bruno. | |
| 700 | 1 | _aLevinson, Barry. | |
| 710 | 2 | _aTouchstone Pictures. | |
| 710 | 2 | _aSilver Screen Partners III. | |
| 710 | 2 | _aTouchstone Home Video (Firm) | |
| 942 |
_2lcc _cdvd |
||
| 994 |
_aC0 _bDRFGD |
||
| 999 |
_c67238 _d67238 |
||